Culture can kill: (Record no. 11050)

MARC details
000 -LEADER
fixed length control field 00747 a2200205 4500
010 ## - LIBRARY OF CONGRESS CONTROL NUMBER
LC control number ENG-89635
020 ## - INTERNATIONAL STANDARD BOOK NUMBER
International Standard Book Number 8188284882
Terms of availability 100.00
035 ## - SYSTEM CONTROL NUMBER
System control number EN-73168
037 ## - SOURCE OF ACQUISITION
Source of stock number/acquisition DBAD / PUB
082 14 - DEWEY DECIMAL CLASSIFICATION NUMBER
Classification number 303.372
090 ## - LOCALLY ASSIGNED LC-TYPE CALL NUMBER (OCLC); LOCAL CALL NUMBER (OCLC)
-- 11359
-- 11359
100 1# - MAIN ENTRY--PERSONAL NAME
Personal name Subodh, S.
245 1# - TITLE STATEMENT
Title Culture can kill:
Remainder of title how beliefs blocked India's advancement/
Statement of responsibility, etc by S. Subodh
260 ## - PUBLICATION, DISTRIBUTION, ETC. (IMPRINT)
Place of publication, distribution, etc Mumbai :
Name of publisher, distributor, etc Lokvangmaya Griha,
Date of publication, distribution, etc 2007
270 ## - ADDRESS
Address Bhupesh Gupta Bhavan, 85, Syani Road, Prabhadevi,
City Mumbai
State or province Mumbai
Postal code 400025
Electronic mail address lokvang@mtnl.net.in
300 ## - PHYSICAL DESCRIPTION
Extent xxvi, 239p.
Dimensions 22 cm (pbk)
500 ## - GENERAL NOTE
General note Includes bibliographical references
942 ## - ADDED ENTRY ELEMENTS (KOHA)
Institution code [OBSOLETE] dpl
Koha item type English Books
Call number prefix 303.372/ SUB
Holdings
Withdrawn status Lost status Source of classification or shelving scheme Damaged status Not for loan Collection code Home library Current library Source of acquisition Cost, normal purchase price Total Checkouts Full call number Barcode Date last seen Copy number Uniform Resource Identifier Cost, replacement price Price effective from Koha item type
    Dewey Decimal Classification   Not For Loan Non-fiction D.B.Act.Division D.B.Act.Division DBAD/PUB 100.00   303.372 SUB EN-73168 15/09/2008 1 12154 100.00 15/09/2008 English Books

© Delhi Public Library
Hit Counter
free hit counter